عرض عادي عرض مارك
  • Homeostasis

مدخل مصطلح موضوعي

عدد التسجيلات المستخدمة في: 1

001 - رقم الضبط

  • حقل الضبط: 52471

003 - معرف رقم الضبط

  • حقل الضبط: OSt

005 - تاريخ ووقت أخر عملية

  • حقل الضبط: 20151014171407.0

008 - عناصر بيانات ثابتة الطول

  • حقل تحكم ثابت الطول: 151014|| aca||aabn | a|a d

040 ## - مصدر الفهرسة

  • هيئة الفهرسة الأصلية: OSt
  • وكالة الكتابة: OSt

150 ## - مدخل-- مصطلح تاريخي

  • عنصر مدخل المصطلح الموضوعي او الاسم الجغرافي: Homeostasis
  • تفريع شكلي: Nurses' Instruction.

670 ## - بيانات المصدر موجوده

  • الاستشهاد بالمصدر: Work cat.: (OSt)0: Clancy, John, PGCE. 52466, Physiology and anatomy for nurses and healthcare practitioners :, 2009